| 000 | 00964cam a2200241 i 4500 | ||
|---|---|---|---|
| 005 | 20260223095510.0 | ||
| 008 | 250721s2006 ku gr 000 0 ara d | ||
| 020 | _a9990601887 | ||
| 041 | 1 |
_aara _heng |
|
| 082 | 1 | 4 |
_a401 _bك و ر |
| 100 | 1 |
_aكورباليس، مايكل _eمؤلف. |
|
| 240 | 1 | 0 | _aFrom hand to mouth : The origins of language |
| 245 | 1 | 0 |
_aفي نشأة اللغة : _bمن إشارة اليد إلى نطق الفم / _cتأليف مايكل كورباليس ؛ ترجمة محمود ماجد عمر. |
| 264 | 1 |
_aالكويت : _bالمجلس الوطني للثقافة والفنون والآداب، _c2006. |
|
| 300 | _a310 صفحة. | ||
| 490 | 0 |
_aسلسلة عالم المعرفة ؛ _vرقم 325. |
|
| 650 | 1 | 7 | _aاللغات. |
| 650 | 1 | 7 | _aتاريخ اللغة. |
| 700 | 1 |
_aعمر، محمود ماجد _eمترجم. |
|
| 830 | 0 | _aسلسلة عالم المعرفة. | |
| 942 |
_2ddc _cBK |
||
| 999 |
_c98546 _d98546 |
||